Memorylands : heritage and identity in Europe today

Αποθηκεύτηκε σε:
Λεπτομέρειες βιβλιογραφικής εγγραφής
Κύριος συγγραφέας: Macdonald, Sharon
Μορφή: Βιβλίο
Γλώσσα:English
Δημοσίευση: London ; New York : Routledge, 2013.
Θέματα:
Ετικέτες: Προσθήκη ετικέτας
Δεν υπάρχουν, Καταχωρήστε ετικέτα πρώτοι!

MARC

LEADER 00000nam a2200000 a 4500
001 1/111496
008 160823s2013####nyu| ||| |001 |deng||
020 |a 9780415453349  
040 |a GR-MyUa  |b gre  |c GR-MyUa  |e AACR2 
041 0 |a eng 
082 7 |a 306.094   |2 (23)  
100 1 |a Macdonald, Sharon. 
245 1 0 |a Memorylands :   |b heritage and identity in Europe today /   |c Sharon Macdonald.  
260 |a London ;   |a New York :   |b Routledge,   |c 2013.  
300 |a xiv, 293 σ. ;   |c 24 εκ.  
504 |a Περιλαμβάνει βιβλιογραφία και ευρετήριο.  
505 8 |a Prologue -- The European Memory Complex : An Introduction -- Making Histories : Europe, Tradition and Other Present Pasts -- Telling the Past : The Multitemporal Challenge -- Feeling the Past : Materiality, Embodiment and Place -- Selling the Past : Commodification, Authenticity and Heritage -- Musealization : Everyday Life, Temporality and Old Things -- Transcultural Heritage : Reconfiguring Identities and the Public Sphere -- Cosmopolitan Memory : Holocaust Commemoration and National Identity -- The Future of Memory - and Forgetting.  
650 0 |a Cultural property   |x Social aspects   |z Europe. 
650 0 |a Memory  |x Social aspects  |z Europe. 
650 0 |a Collective memory   |z Europe. 
650 0 |a Group identity  |z Europe. 
650 0 |a Museums  |x Social aspects  |z Europe. 
650 0 |a Material culture  |z Europe. 
651 0 |a Europe  |x Cultural policy. 
852 |a INST  |b LESVOS  |c BK  |e 20160823  |h 306.094 MAC  |p 005100058450  |q 005100058450  |t BK  |y 4  |x 20200219 
922 |a 1ΕΛΗ  |b 2016-06  |c ΤΠΤΕ  |d Δρες 
970 |a Τζαφέρη  |b Ευαγγελία  |z 23-08-2016